000 00737nam a22002177a 4500
008 120423t mx||||| |||| 00| 0 sp d
020 _a9700727092
050 0 4 _aK3238
_bS26 2001
050 0 4 _aKGF3003.T9
_bS26 2001
100 1 _aSánchez Bringas, Enrique
245 1 4 _aLos derechos humanos en la constitución y en los tratados internacionales
_c / Enrique Sánchez Bringas
250 _a1a ed,
260 _aMéxico :
_bPorrúa,
_c2001
300 _axiii, 779 p. ;
_c24 cm.
504 _aIncluye bibliografía
650 7 _2LEMB
_aDerechos humanos (Derecho internacional)
650 7 _2LEMB
_aDerechos humanos
_xTratados
650 7 _2LEMB
_aDerecho constitucional
650 7 _2LEMB
_aDerechos civiles
_zMéxico
942 _2lcc
_cLIB
999 _c30455
_d30455